000 00546nam a2200145Ia 4500
008 090124s9999 xx 000 0 und d
082 _b206125
245 _a पत्थर और पानी ( यात्रा संस्मरण)
250 _a1
260 _bरावत नेत्रसिंह
_c2003
300 _a102
630 _a पत्थर और पानी ( यात्रा संस्मरण)
730 _a पत्थर और पानी ( यात्रा संस्मरण)
942 _cBOOK
999 _c187710
_d187710